LEADER 01157nam a22002891i 4500 001 991004076459707536 005 20031002150834.0 008 031111s1993 it |||||||||||||||||ita 020 $a8871195752 035 $ab12516399-39ule_inst 035 $aARCHE-054966$9ExL 040 $aDip.to Lingue$bita$cA.t.i. Arché s.c.r.l. Pandora Sicilia s.r.l. 082 04$a808.801 245 00$aRealismo ed effetti di realtà nel romanzo dell'Ottocento /$cA. M. Carpi ... [et al.] ; a cura di Francesco Fiorentino 260 $aRoma :$bBulzoni,$c1993 300 $aIX, 140 p. ;$c24 cm 440 2$aI libri dell'Associazione Sigismondo Malatesta 650 4$aLetteratura narrativa$ySec. 19. 650 4$aRealismo (Letteratura) 700 1 $aCarpi, Anna Maria 700 1 $aFiorentino, Francesco$d<1834-1884> 907 $a.b12516399$b02-04-14$c13-11-03 912 $a991004076459707536 945 $aLE012 808.801 2 CAR$g1$i2012000158368$lle012$o-$pE0.00$q-$rl$s- $t0$u0$v0$w0$x0$y.i12955590$z13-11-03 996 $aRealismo ed effetti di realtà nel romanzo dell'Ottocento$9184093 997 $aUNISALENTO 998 $ale012$b13-11-03$cm$da $e-$fita$git $h0$i1 LEADER 04554nam 22006735 450 001 9910254281903321 005 20250626164032.0 010 $a3-319-51911-5 024 7 $a10.1007/978-3-319-51911-1 035 $a(CKB)3710000001364157 035 $a(DE-He213)978-3-319-51911-1 035 $a(MiAaPQ)EBC4855876 035 $a(PPN)201471663 035 $a(MiAaPQ)EBC6242010 035 $a(EXLCZ)993710000001364157 100 $a20170506d2017 u| 0 101 0 $aeng 135 $aurnn#008mamaa 181 $ctxt$2rdacontent 182 $cc$2rdamedia 183 $acr$2rdacarrier 200 10$aGeneralized Functions and Fourier Analysis $eDedicated to Stevan Pilipovi? on the Occasion of his 65th Birthday /$fedited by Michael Oberguggenberger, Joachim Toft, Jasson Vindas, Patrik Wahlberg 205 $a1st ed. 2017. 210 1$aCham :$cSpringer International Publishing :$cImprint: Birkhäuser,$d2017. 215 $a1 online resource (VIII, 276 p. 4 illus.) 225 1 $aAdvances in Partial Differential Equations,$x2504-3595 ;$v260 311 08$a3-319-51910-7 320 $aIncludes bibliographical references at the end of each chapters. 327 $aJ. Vindas & D. Vuckovic (Ghent), "Ultradistributional boundary values of harmonic functions on the sphere" -- J. Vindas & G. Debruyne (Ghent),"A functional-analytic view on the Wiener-Ikehara theorem" -- M. Oberguggenberger & M. Schwarz (Innsbruck), "Fourier integral operators in random media" -- M. Kunzinger, P. Giordano (Vienna), "Generalized smooth functions" -- S.-Y. Chung (Seoul), "Blow-up Solutions to Discrete Semilinear Heat Equations on Networks" -- H. Vernaeve (Ghent), "Microlocal analysis in Colombeau algebras based on generalized points and generalized directions" -- A. Debrouwere (Ghent), "Embeddings of periodic ultradistributions into Colombeau type algebras" -- G. Omelyanov (Hermosillo), "Interaction of solitary waves for essentially non-integrable equations. Asymptotic approach" -- T. Levajkovic (Innsbruck and Belgrade), "Optimal control for stochastic evolution equations" -- M. Cappiello (Torino), TBA -- S. Coriasco (Torino) -- H. Feichtinger (Vienna), "Function spaces" -- L. Rodino (Torino) -- M. Ruzhansky (London) -- N. Teofanov (Novi Sad), Topic: "Time-frequency analysis and pseudodifferential operators" -- P. Popivanov (Sofia),Topic: "Subelliptic estimates, solvability and hypoellipticity of several classes of PDE with involutive characteristics" -- Y. Sawano (Hachioji), Topic: "Boundedness of pseudodifferential operators" -- J. Toft (Växyö) -- V. Turunen (Helsinki), Topic: "Time-frequency analysis". 330 $aThis book gives an excellent and up-to-date overview on the convergence and joint progress in the fields of Generalized Functions and Fourier Analysis, notably in the core disciplines of pseudodifferential operators, microlocal analysis and time-frequency analysis. The volume is a collection of chapters addressing these fields, their interaction, their unifying concepts and their applications and is based on scientific activities related to the International Association for Generalized Functions (IAGF) and the ISAAC interest groups on Pseudo-Differential Operators (IGPDO) and on Generalized Functions (IGGF), notably on the longstanding collaboration of these groups within ISAAC. 410 0$aAdvances in Partial Differential Equations,$x2504-3595 ;$v260 606 $aDifferential equations 606 $aHarmonic analysis 606 $aFunctional analysis 606 $aOperator theory 606 $aDifferential Equations 606 $aAbstract Harmonic Analysis 606 $aFunctional Analysis 606 $aOperator Theory 615 0$aDifferential equations. 615 0$aHarmonic analysis. 615 0$aFunctional analysis. 615 0$aOperator theory. 615 14$aDifferential Equations. 615 24$aAbstract Harmonic Analysis. 615 24$aFunctional Analysis. 615 24$aOperator Theory. 676 $a515.782 702 $aOberguggenberger$b Michael$4edt$4http://id.loc.gov/vocabulary/relators/edt 702 $aToft$b Joachim$4edt$4http://id.loc.gov/vocabulary/relators/edt 702 $aVindas$b Jasson$4edt$4http://id.loc.gov/vocabulary/relators/edt 702 $aWahlberg$b Patrik$4edt$4http://id.loc.gov/vocabulary/relators/edt 801 0$bMiAaPQ 801 1$bMiAaPQ 801 2$bMiAaPQ 906 $aBOOK 912 $a9910254281903321 996 $aGeneralized Functions and Fourier Analysis$91562243 997 $aUNINA